| 000 | 00685nac a22002051u 4500 | ||
|---|---|---|---|
| 010 | _a 95016947 | ||
| 020 | _a0070571155 | ||
| 082 | 0 | 0 |
_a338.5024658 _bSAL |
| 090 |
_c6829 _d6829 |
||
| 100 | _aSalvatore, Dominick. | ||
| 245 | 1 | 0 |
_aManagerial economics in a global economy / _cDominick Salvatore. |
| 250 | _a3rd ed. | ||
| 260 |
_aNew York : _bMcGraw-Hill,c1996. _cc1996. |
||
| 300 |
_axxx, iii, 723 p. : _bill. (some col.) ; _c24 cm. |
||
| 500 | _aDistributer: Al-Ahram. | ||
| 504 | _aIncludes bibliographical references and indexes. | ||
| 511 | _aCatalogued By: Mahitab. | ||
| 650 | 0 | _aManagerial economics. | |
| 942 |
_cBB _k338.5024658SAL |
||
| 999 |
_c6829 _d6829 |
||